000
00280nam a2200121Ia 4500
008
220204s9999 xx 000 0 und d
082
_a
524.1
_b
UNS
100
_a
Albrecht
245
0
_a
New cosmos
260
_a
New York
_b
Springer Verlag
_c
1969
650
_a
Cosmology
942
_c
BK
999
_c
25501
_d
25501